| 000 | 01343nam a2200289 4500 | ||
|---|---|---|---|
| 003 | EC-QuCCB | ||
| 005 | 20260406115152.0 | ||
| 007 | ta | ||
| 008 | 260406s1990 |||||||gr|||| 00| 0 spa d | ||
| 020 | _a84-7910-002-8 | ||
| 040 | _aEC-QuCCB | ||
| 041 | _aspa | ||
| 082 |
_a892.73 _bG447 |
||
| 100 | 1 |
_aGibran, Kahlil, _d1883-1931 _931207 |
|
| 245 |
_aPensamientos y meditaciones _cKhalil Gibran |
||
| 250 | _aPrimera edición | ||
| 260 |
_aBarcelona, España : _bHumanitas, _c1990 |
||
| 300 |
_a94 páginas ; _c21 cm |
||
| 336 |
_atexto _btxt |
||
| 337 |
_ano mediado _bn |
||
| 338 |
_avolumen _bnc |
||
| 505 | _aEl profeta de Baalbek -- El retorno del amado -- Unión -- Mi alma me habló -- Los hijos de la diosa y los hijos de los monos -- Dientes cariados -- El señor charlatán -- En la noche oscura -- El pájaro de plata -- Marta -- Visión -- Comunión de los espíritus -- Bajo el sol -- Una mirada al futuro -- La diosa de la fantasía -- Historia y nación -- El animal silencioso -- Poetas y poemas -- Entre las ruinas -- A la puerta del templo -- Narcóticos y escalpelos -- Los gigantes -- Fuera de la tierra -- Noche -- Tierra -- Perfección -- Ayer, hoy y mañana -- Historia de un amigo | ||
| 590 | _abgg | ||
| 650 | 4 |
_aLiteratura árabe _913874 |
|
| 942 |
_2ddc _cBK |
||
| 999 |
_c83808 _d83808 |
||